| 000 | 00955nam a22002177a 4500 | ||
|---|---|---|---|
| 005 | 20260306102405.0 | ||
| 008 | 230106b ||||| |||| 00| 0 eng d | ||
| 040 | _cAL | ||
| 041 | _aeng | ||
| 082 |
_223 _a833.912 _bHESS |
||
| 100 |
_aHermann Hesse _9257959 |
||
| 245 | _aSiddhartha | ||
| 260 |
_aNew York _bNew Directions Publishing Corporation _c1951 |
||
| 300 |
_a122p. _bPB _c20x13cm. |
||
| 520 | _aSiddhartha by Hermann Hesse is a philosophical novel following a young Brahmin, Siddhartha, on a quest for enlightenment in ancient India. He abandons10 his comfortable life to pursue asceticism, studies under the Buddha, indulges in worldly pleasures, and eventually finds true wisdom, peace, and spiritual unity by listening to a river and working as a ferryman | ||
| 650 |
_aGerman Fiction Tr in English _968765 |
||
| 650 |
_aEnglish Novel _968766 |
||
| 650 |
_aEnglish Fiction _968767 |
||
| 700 |
_aRosner, Hilda Tr _968769 |
||
| 942 |
_2ddc _cDB |
||
| 999 |
_c226306 _d226306 |
||